000 00289nam a2200121Ia 4500
008 191201s2012 xx 000 0 und d
100 _aNARULA, Virender
245 0 _aManufacturing Processes
260 _aN. Delhi
_bkatson
_c2012
300 _a372
650 _aB.Tech(ME)
942 _2ddc
_cBK
999 _c6124
_d6124